Phân loại và hướng dẫn giải bài tập chương "Động lực học vật rắn" vật lý 12 nâng cao
Cơ sở lý luận và cơ sở thực tiễn của việc phân dạng bài tập vật lý chương "Động lực học vật rắn". Lựa chọn, phân loại và hướng dẫn học sinh giải bài tập vật lý chương "Động lực học vật rắn".Bài tập tổng hợp vận dụng....
Kaydedildi:
| Yazar: | |
|---|---|
| Diğer Yazarlar: | |
| Materyal Türü: | Kitap |
| Dil: | Vietnamese |
| Baskı/Yayın Bilgisi: |
Đà Nẵng
Đại học Đà Nẵng
2011
|
| Konular: | |
| Etiketler: |
Etiketle
Etiket eklenmemiş, İlk siz ekleyin!
|
| Thư viện lưu trữ: | Mạng thư viện Đại học Đà Nẵng |
|---|
| LEADER | 01610nam a2200349 4500 | ||
|---|---|---|---|
| 001 | 000012164 | ||
| 003 | 8455 | ||
| 005 | 20120216100210.0 | ||
| 008 | 120216s2011 viesd | ||
| 041 | |a vie | ||
| 072 | |a Khóa luận tốt nghiệp | ||
| 082 | |a 531.113 |b NG-H | ||
| 100 | |a Nguyễn, Thị Hoa |e Tác giả | ||
| 245 | |a Phân loại và hướng dẫn giải bài tập chương "Động lực học vật rắn" vật lý 12 nâng cao |c Nguyễn Thị Hoa | ||
| 260 | |a Đà Nẵng |b Đại học Đà Nẵng |c 2011 | ||
| 300 | |a 90 tr. |c 29 cm | ||
| 500 | |a Khóa luận tốt nghiệp khoa Vật lý. Lớp 07 SVL | ||
| 520 | |a Cơ sở lý luận và cơ sở thực tiễn của việc phân dạng bài tập vật lý chương "Động lực học vật rắn". Lựa chọn, phân loại và hướng dẫn học sinh giải bài tập vật lý chương "Động lực học vật rắn".Bài tập tổng hợp vận dụng. | ||
| 653 | |a Giải bài tập | ||
| 653 | |a Động lực học vật rắn | ||
| 653 | |a Vật lý 12 nâng cao | ||
| 700 | |a Nguyễn Bảo Hoàng Thanh |c T.S |e Hướng dẫn | ||
| OWN | |a LSP | ||
| AVA | |a UDN50 |b LSP |d 531.113 NG-H |e available |t Error 5001 Not defined in file expand_doc_bib_avail. |f 1 |g 0 |h N |i 0 |k 1 | ||
| 999 | |a From the UDN01 | ||
| AVA | |a UDN50 |b LSP |d 531.113 NG-H |e available |t Error 5001 Not defined in file expand_doc_bib_avail. |f 1 |g 0 |h N |i 0 |k 1 | ||
| TYP | |a Monograph | ||
| TYP | |a Printed language | ||
| 980 | |a Mạng thư viện Đại học Đà Nẵng | ||